00773nam a2200217Ia 450000500170000000800410001702000150005804000560007304100080012924500870013726000600022430000180028450400410030265000200034365000420036370000330040570000300043870000240046870000280049270000350052020140903180616.0130821s2005 ck gr spa  a9588235278 aCO-BoUCMbspacAngélica Rojas (modificó)dNuevo00aspa00aAspectos prácticos de las sociedades mercantilescRodrigo Puyo Vasco...[y otros] aBogotá (Colombia)bLibrería Jurídica Dikéc2005 a247 páginas aIncluye referencias bibliográficas 7aDerecho privado 7aSociedades comercialesxLegislación1 aGaviria Gutiérrez, Enrique1 aJaramillo Mejía, Sergio1 aPuyo Vasco, Rodrigo1 aSanín Bernal, Ignacio1 aVelásquez P., Carlos Alberto